000 00708nam a22002297a 4500
003 OSt
005 20260120073951.0
008 210316b ||||| |||| 00| 0 spa d
020 _a9789945921021
040 _aDO-SdBNP
_bspa
_cBNPHU
082 4 _a231.7
_bE79m
_222
100 1 0 _aEstepan, Keyla
_978147
_d1999-
245 1 0 _aMeditandounpoco :
_btiempo con Dios /
_cKeyla Estepan
260 _aSanto Domingo :
_bPublicaciones Libertad,
_c2020
300 _a191 p. ;
_c22 cm
590 _aInventariado, 2021 / DG
650 0 _aVida espiritual
_9268
650 0 _aVida cristiana
_9668
650 0 _aMeditaciones
_95988
910 _aInventariado, 2021 / DG/Validado. Control de calidad MFF
942 _2ddc
_cLBS1
999 _c49580
_d49580